000 00251nam a22001217a 4500
082 _a494
_bGUP/G
100 _aGUPTHA,J.P
245 _aKHAR PARIVAR KEE SURAKSHA
260 _aDELHI
_bRATNA SAGAR
300 _a86
650 _aESSAY
_zDELHI
942 _cBK
999 _c4498
_d4498